000 00316nam a2200133Ia 4500
005 20251222144909.0
008 251222s9999||||xx |||||||||||||| ||spa||
020 _a84-233-1410-3
082 _a820/C526
100 _aHadley Chase, J.
245 0 _aUn Asunto de Hombres
264 _bDestinos Suspense
942 _cLIB
999 _c22261
_d22261